000 00460nam a22001337a 4500
082 _a345.0232
100 _aAnsari, Mansoor Ul Haq
245 _aCode of Bribery & Anti Corruption Laws:
_bWith Relevant Federal and Provincial Accountability Laws /
_cMansoor Ul Haq Ansari
260 _aLahore :
_bInsight Law Book Publishers,
_c2020.
300 _a943 p. ;
_c24 cm.
942 _2ddc
_cBK
999 _c587217
_d587217